Choose the right Movies - Statistics

General Stats
  • This quiz has been taken 34 times
  • The average score is 3 of 16
Answers on the Grid
Answers color-coded by a green-red scale on the quiz's grid according to % correct below.
Independance day
Home Alone
Mission :Impossible
Evil dead
The Amazing Spider-Man
Doctor Strange
Gladiator
Despicable me
Percy Jackson : Sea of monsters
Iron Man 3
Stuart Little
Scream
Indiana Jones : The temple of doom
Sing
The Lego Movie
The BFG
Ouija
Inside Out 2
Ghostbusters
White Chicks
Titanic
The Terminator
Sonic : the Movie
Indiana Jones and the Last Crusade
Mathilda
Captain America : Civil War
Clueless
Central Intelligence
Jumanji : Welcome to the Jungle
National Security
Frozen
Little Man
 
Answer Stats
Answer % Correct
Independance day
77%
Mission :Impossible
54%
Doctor Strange
38%
Iron Man 3
31%
Scream
23%
The Terminator
23%
Central Intelligence
15%
Ghostbusters
15%
Indiana Jones : The temple of doom
15%
Evil dead
8%
Frozen
8%
Mathilda
8%
Percy Jackson : Sea of monsters
8%
Sing
8%
Captain America : Civil War
0%
The BFG
0%
No matching quizzes found
Score Distribution
Percent of People with Each Score
Percentile by Number Answered
Your Score History
You have not taken this quiz